| 000 | 00536cac a22001691u 4500 | ||
|---|---|---|---|
| 008 | 081223t 2006xxu||||| |||| 00| 0 eng d | ||
| 020 | _a1844802248 | ||
| 082 |
_a658.022 _bSTO |
||
| 100 |
_astokes ,david. _928582 |
||
| 245 |
_aSmall business management & entrepreneurship / _cdavid Stokes and Nicholas Wilson. |
||
| 250 | _a5th de. | ||
| 260 |
_aLondon: _bThomson, _c2006. |
||
| 300 |
_axxiii, 479 p. : _c ill. ; _b25 cm. |
||
| 504 | _aIncludes Index. | ||
| 700 |
_aWilson,Nicholas. _928583 |
||
| 942 |
_cBB _k658.022STO _2ddc |
||
| 999 |
_c2872 _d2872 |
||